| 000 | 00391nam a2200145 i 4500 | ||
|---|---|---|---|
| 001 | 94782 | ||
| 003 | ES-MaACL | ||
| 007 | t| | ||
| 008 | 050516s1916 sp ||||1| spa d | ||
| 100 | 1 |
_aLozano, Edmundo. _974415 |
|
| 245 | 1 | 0 |
_aCiencias físico-químicas / _cpor Edmundo Lozano. |
| 260 |
_aMadrid : _bLa Lectura, _c1916. |
||
| 300 |
_a282 p. : _bil. ; _c18 cm. |
||
| 852 |
_aES-MaACL _jB-6972 |
||
| 999 |
_c94782 _d94782 |
||